banner koha

Pesquisa com adubacao e calagem para soja na regiao de Balsas, Maranhao (Registro n. 279135)

MARC details
000 -LÍDER
campo de controle de tamanho fixo 01051nac a22003257a 4500
001 - NÚMERO DE CONTROLE
campo de controle BR8600409
003 - IDENTIFICADOR DO NÚMERO DE CONTROLE
campo de controle BR-BrBNA
005 - DATA E HORÁRIO DA ÚLTIMA TRANSAÇÃO
campo de controle 20240105120356.0
008 - CAMPO DE DADOS FIXOS--INFORMAÇÃO GERAL
campo de controle de tamanho fixo 230509b bl.|||m| |||| 00| 0 por d
040 ## - FONTE DA CATALOGAÇÃO
Instituição da catalogação original BR-BrBNA
Idioma da catalogação por
Instituição que transcreveu o registro Biblioteca Nacional de Agricultura
072 ## - CÓDIGO DE CATEGORIA DE ASSUNTO
Código de Categoria de Assunto F04
090 ## - NÚMERO DE CHAMADA LOCAL
Número de chamada 0336 BR8600409
100 1# - ENTRADA PRINCIPAL--NOME PESSOAL
Nome pessoal Sfredo, G.J.
100 1# - ENTRADA PRINCIPAL--NOME PESSOAL
Nome pessoal Paludzysyn Filho, E.
100 1# - ENTRADA PRINCIPAL--NOME PESSOAL
Nome pessoal Gomes, E.R.
110 1# - ENTRADA PRINCIPAL--NOME CORPORATIVO
Nome corporativo ou nome da jurisdição Centro Nacional de Pesquisa de Soja, Londrina, PR (Brasil)
9 (RLIN) 1793
245 1# - TÍTULO
Título Pesquisa com adubacao e calagem para soja na regiao de Balsas, Maranhao
246 1# - FORMA VARIANTE DO TÍTULO
Título/título abreviado [Research with fertilization and liming for soybean in Balsas, Maranhao]
260 3# - PUBLICAÇÃO, DISTRIBUIÇÃO, ETC.
Local de publicação, distribuição, etc. Londrina, PR (Brasil):
Data da publicação, distribuição, etc. 1985.
300 ## - DESCRIÇÃO FÍSICA
Extensão 7 p.
490 ## - TÍTULO DA SÉRIE
Título da série Pesquisa em Andamento - Centro Nacional de Pesquisa de Soja (Brazil)
Número do volume ou designação sequencial da série no. 8
ISSN - International Standard Serial Number ISSN 0100-7306
500 ## - NOTA GERAL
Nota geral 6 tables
650 ## - ASSUNTO--TERMO TÓPICO
Cabeçalho tópico ou nome geográfico SOJA
650 ## - ASSUNTO--TERMO TÓPICO
Cabeçalho tópico ou nome geográfico ADUBACAO
650 ## - ASSUNTO--TERMO TÓPICO
Cabeçalho tópico ou nome geográfico FOSFORO
650 ## - ASSUNTO--TERMO TÓPICO
Cabeçalho tópico ou nome geográfico POTASSIO
650 ## - ASSUNTO--TERMO TÓPICO
Cabeçalho tópico ou nome geográfico CALAGEM
909 ## -
-- 202312
-- Lúcia Elande
-- 55
-- Lúcia Elande
942 ## - ELEMENTOS DE ENTRADA ADICIONADOS (KOHA)
Fonte da classificação ou esquema de arquivamento na estante Classificação AGRIS
Ocultar no OPAC Não
Tipo de material Koha Monografia Seriada
Exemplares
Situação do descarte Fonte da classificação ou esquema de arquivamento na estante Situação física Não pode ser emprestado Coleção Biblioteca de origem Biblioteca atual Localização na estante Total de empréstimos Número de telefone completo Código de barras Data de último acesso Tipo de material Koha Fonte de aquisição
  Classificação AGRIS       Biblioteca Nacional de Agricultura - Binagri Biblioteca Nacional de Agricultura - Binagri Agrobase - Acervo Geral   0336 BR8600409 0336 BR8600409 18/12/2023 Monografia Seriada Portaria Interministerial nº 164/94

BINAGRI

Telefone: (61)3218-2567/2388/3357/2097 - binagri@agro.gov.br

Ministério da Agricultura e Pecuária , Esplanada dos Ministérios, Bloco D, Anexo B, Brasília/DF, CEP: 70.043-900